Управление водными ресурсами: учебное пособие
| Institution som forfatter: | |
|---|---|
| Andre forfattere: | , |
| Summary: | Заглавие с титульного экрана Электронная версия печатной публикации В пособии излагаются основные сведения по управлению водными ресурсами в целом и водохозяйственными системами в частности. Рассмотрены цель, структура, правовые основы и экономический механизм системы управления водными ресурсами в России и других экономически развитых странах мира. Приведены сведениям задачах управления водохозяйственными системами как инструменте управления водными ресурсами. Охарактеризованы методы формирования структуры водохозяйственных систем и управления их функционированием. Предназначено для студентов, обучающихся по направлению 280100 "Природообустройство и водопользование", и аспирантов вузов. Режим доступа: из корпоративной сети ТПУ |
| Sprog: | russisk |
| Udgivet: |
Томск, Изд-во ТПУ, 2014
|
| Fag: | |
| Online adgang: | http://www.lib.tpu.ru/fulltext2/m/2014/m355.pdf |
| Format: | MixedMaterials Electronisk Bog |
| KOHA link: | https://koha.lib.tpu.ru/cgi-bin/koha/opac-detail.pl?biblionumber=274083 |
MARC
| LEADER | 00000nlm0a2200000 4500 | ||
|---|---|---|---|
| 001 | 274083 | ||
| 005 | 20240118112858.0 | ||
| 035 | |a (RuTPU)RU\TPU\book\297293 | ||
| 090 | |a 274083 | ||
| 100 | |a 20141030d2014 m y0rusy50 ca | ||
| 101 | 0 | |a rus | |
| 102 | |a RU | ||
| 105 | |a a j 001zy | ||
| 135 | |a drcn ---uucaa | ||
| 181 | 0 | |a i | |
| 182 | 0 | |a b | |
| 200 | 1 | |a Управление водными ресурсами |e учебное пособие |f Национальный исследовательский Томский политехнический университет (ТПУ) ; сост. О. Г. Савичев, О. Г. Токаренко | |
| 203 | |a Текст |c электронный | ||
| 210 | |a Томск |c Изд-во ТПУ |d 2014 | ||
| 300 | |a Заглавие с титульного экрана | ||
| 300 | |a Электронная версия печатной публикации | ||
| 330 | |a В пособии излагаются основные сведения по управлению водными ресурсами в целом и водохозяйственными системами в частности. Рассмотрены цель, структура, правовые основы и экономический механизм системы управления водными ресурсами в России и других экономически развитых странах мира. Приведены сведениям задачах управления водохозяйственными системами как инструменте управления водными ресурсами. Охарактеризованы методы формирования структуры водохозяйственных систем и управления их функционированием. Предназначено для студентов, обучающихся по направлению 280100 "Природообустройство и водопользование", и аспирантов вузов. | ||
| 333 | |a Режим доступа: из корпоративной сети ТПУ | ||
| 337 | |a Adobe Reader | ||
| 452 | 1 | |0 (RuTPU)RU\TPU\book\293186 |t Управление водными ресурсами |o учебное пособие |f Национальный исследовательский Томский политехнический университет (ТПУ) ; сост. О. Г. Савичев ; сост. О. Г. Токаренко |c Томск |n Изд-во ТПУ |d 2014 |p 118 с. | |
| 606 | 1 | |a Водные ресурсы |x Управление |x (гидрология) |2 stltpush |3 (RuTPU)RU\TPU\subj\73483 |9 86461 | |
| 610 | 1 | |a электронный ресурс | |
| 610 | 1 | |a учебные пособия | |
| 610 | 1 | |a труды учёных ТПУ | |
| 610 | 1 | |a водохозяйственные системы | |
| 610 | 1 | |a Россия | |
| 610 | 1 | |a водный фонд | |
| 610 | 1 | |a водное хозяйство | |
| 610 | 1 | |a государственное управление | |
| 610 | 1 | |a зарубежные страны | |
| 675 | |a 556.18(075.8) |v 3 | ||
| 702 | 1 | |a Савичев |b О. Г. |c геолог |c профессор Томского политехнического университета, доктор географических наук |f 1967- |g Олег Геннадьевич |3 (RuTPU)RU\TPU\pers\25454 |4 220 |9 11394 | |
| 702 | 1 | |a Токаренко |b О. Г. |c геолог |c доцент Томского политехнического университета, кандидат геолого-минералогических наук |f 1983- |g Ольга Григорьевна |3 (RuTPU)RU\TPU\pers\28034 |4 220 |9 12997 | |
| 712 | 0 | 2 | |a Национальный исследовательский Томский политехнический университет (ТПУ) |b Институт природных ресурсов (ИПР) |b Кафедра гидрогеологии, инженерной геологии и гидрогеоэкологии (ГИГЭ) |3 (RuTPU)RU\TPU\col\18664 |
| 801 | 1 | |a RU |b 63413507 |c 20141030 | |
| 801 | 2 | |a RU |b 63413507 |c 20160617 |g RCR | |
| 856 | 4 | |u http://www.lib.tpu.ru/fulltext2/m/2014/m355.pdf | |
| 942 | |c CF | ||